000 00550nam a2200229Ia 4500
005 20250425162810.0
008 250425s9999 xx 000 0 und d
041 _aspa
043 _asp
082 _a660.03
100 _aULLMANN, FRITZ
245 0 _aENCICLOPEDIA DE QUÍMICA INDUSTRIAL: APENDICES
250 _a2A ED.
260 _aBARCELONA
260 _aEspaña
_bGUSTAVO GILI
_c1953
300 _a926
650 _aENCICLOPEDIAS
650 _aINGENIERIA-INDICES
650 _aQUIMICA INDUSTRIAL
942 _c01
010 _a109036
999 _c236642
_d236642